Statistics for Bacteria 8 (vaccines)

Click here to take the quiz!

General Stats

  • This quiz has been taken 20 times
  • The average score is 3 of 7

Answer Stats

HintAnswer% Correct
What about the whooping cough vaccine?Killed
79%
And cholera?Killed
79%
Is the tetanus vaccine, a toxoid, killed(inactivated) or live(attenuated) vaccine?Toxoid
63%
What is the acronym for the TB vaccination?BCG
42%
What is the acronym for the diptheria vaccine?DPT
42%
What type of molecule taken from S.pneumoniae and/or H. influenzae is used for the pneumonia vaccine?Polysaccharide
16%
What is the name for the typhoid fever vaccine?Ty21A
16%

Score Distribution

Percentile by Number Answered

Percent of People with Each Score

Your Score History

You have not taken this quiz